000 00635nam a22001817a 4500
999 _c15758
_d15758
003 AR-CdUCM
008 190429b ||||| |||| 00| 0 spa d
040 _aMUNICIPALIDAD PROVINCIAL DEL CUSCO
_cBIBLIOTECA MUNICIPAL DEL CUSCO
082 _aC / 082 /
_bEFL
100 _aPowell, Harold
_934954
245 _aEnciclopedia de formación loboral :
260 _aMadrid :
_bAltea,
_c1977.
300 _a134 páginas ;
_c21 cm.
505 _aModelos con rollos y placas -- la arcilla -- el método de los rollos o macarrones -- el método de las placas o tortas...
650 _aCerámica.
_927657
942 _2ddc
_cLIBROS
945 _awfj